The Office (US) : Number of Character Lines - Statistics

General Stats
  • This quiz has been taken 6,510 times
  • The average score is 28 of 50
Answer Stats
# of Lines Character % Correct
6341 Jim Halpert
100%
5047 Pam Beesly
100%
6896 Dwight Schrute
99%
10942 Michael Scott
99%
1572 Angela Martin
96%
3776 Andy Bernard
95%
1566 Kevin Malone
94%
1373 Oscar Martinez
93%
1198 Ryan Howard
93%
864 Kelly Kapoor
92%
402 Creed Bratton
91%
810 Jan Levinson
91%
686 Stanley Hudson
90%
971 Phyllis Lapin-Vance
89%
818 Toby Flenderson
88%
1450 Erin Hannon
85%
1197 Darryl Philbin
82%
561 Meredith Palmer
82%
481 David Wallace
80%
557 Holly Flax
78%
219 Roy Anderson
75%
329 Karen Filippelli
72%
428 Gabe Lewis
67%
408 Robert California
67%
68 Robert Lipton
67%
43 Bob Vance
65%
191 Jo Bennett
62%
192 Pete Miller
46%
169 Todd Packer
46%
530 Nellie Bertram
43%
247 Clark Green
35%
95 Carol Stills
34%
222 Charles Miner
33%
250 Deangelo Vickers
32%
80 Katy
25%
87 Helene Beesly
23%
45 Hank
22%
73 Val
22%
50 Cathy
21%
58 Josh Porter
20%
32 Nate
18%
31 A.J.
13%
93 Donna
12%
53 Brian
9%
68 Danny Cordray
9%
38 Isabel
6%
53 Jessica
6%
37 Mr. Brown
4%
48 Susan California
3%
31 Trevor
3%
No matching quizzes found
Score Distribution
Percent of People with Each Score
Percentile by Number Answered
Your Score History
You have not taken this quiz